[Event "DSOL 03 Liga Gr-A 1st"]
[Site "Playchess.com INT"]
[Date "2020.08.14"]
[Round "2.4"]
[White "Schade, Richard"]
[Black "Teille, Karl"]
[Result "1/2-1/2"]
[WhiteElo "1774"]
[BlackElo "1727"]
[PlyCount "95"]
[EventDate "2020.06.22"]
[EventType "team-tourn (rapid)"]
[EventCountry "GER"]
[SourceTitle "EXT 2021"]
[Source "ChessBase"]
[SourceDate "2020.10.23"]
[SourceVersion "1"]
[SourceVersionDate "2020.10.23"]
[SourceQuality "1"]
[WhiteTeam "Dresden Striesen"]
[BlackTeam "Braunschweig Gliesmarode"]
[WhiteTeamCountry "GER"]
[BlackTeamCountry "GER"]

1. e4 c6 2. Nf3 d5 3. exd5 cxd5 4. Nc3 Nf6 5. d4 Bg4 6. h3 Bh5 7. Be2 e6 8. Ne5 Bxe2 9. Qxe2 Nc6 10. Qb5 Qc7 11. Nxc6 bxc6 12. Qd3 Bd6 13. Be3 0-0 14. 0-0 Rfe8 15. f4 Nh5 16. Ne2 f5 17. g4 Nf6 18. gxf5 exf5 19. Ng3 g6 20. Rae1 Ne4 21. Nxe4 Rxe4 22. Qd2 Rae8 23. Rf3 Qe7 24. Kf2 Kh8 25. Rg1 Bxf4 26. Re1 Bxe3+ 27. Rfxe3 Rxe3 28. Rxe3 Qxe3+ 29. Qxe3 Rxe3 30. Kxe3 Kg7 31. b3 Kf6 32. a4 g5 33. c4 Ke6 34. a5 h5 35. c5 Kd7 36. b4 Kc7 37. a6 Kd7 38. Kf3 Ke6 39. Kg3 f4+ 40. Kf3 Kf5 41. Kf2 g4 42. hxg4+ hxg4 43. Kg2 f3+ 44. Kg3 Ke6 45. Kf2 Kf5 46. Kg3 Ke6 47. Kf2 Kf5 48. Kg3 1/2-1/2